| 000 -LEADER | |
|---|---|
| fixed length control field | 00469nam a22001697a 4500 |
| 005 - DATE AND TIME OF LATEST TRANSACTION | |
| control field | 20230110142004.0 |
| 008 - FIXED-LENGTH DATA ELEMENTS--GENERAL INFORMATION | |
| fixed length control field | 221217b |||||||| |||| 00| 0 eng d |
| 020 ## - INTERNATIONAL STANDARD BOOK NUMBER | |
| ISBN | 978-93-88313-20-9 |
| 041 ## - LANGUAGE CODE | |
| Language code of text/sound track or separate title | eng |
| 082 ## - DEWEY DECIMAL CLASSIFICATION NUMBER | |
| Classification number | 615.1 WAH-L |
| 100 ## - MAIN ENTRY--AUTHOR NAME | |
| Personal name | WHALEN , KAREN |
| 245 ## - TITLE STATEMENT | |
| Title | LIPPINCOTT 'S ILLUSTRATED REVIEWS PHARMACOLOGY |
| 260 ## - PUBLICATION, DISTRIBUTION, ETC. (IMPRINT) | |
| Place of publication | HARYANA |
| Name of publisher | WOLTERS KLUWER HEALTH |
| Year of publication | 2020 |
| 300 ## - PHYSICAL DESCRIPTION | |
| Number of Pages | 850;P. IND-I-10 |
| 650 ## - SUBJECT ADDED ENTRY--TOPICAL TERM | |
| Topical Term | PHARMACY |
| General subdivision | B.PHARMA |
| 942 ## - ADDED ENTRY ELEMENTS (KOHA) | |
| Koha item type | Books |
| Lost status | Damaged status | Collection code | Home library | Current library | Shelving location | Date acquired | Source of acquisition | Cost, normal purchase price | Full call number | Accession Number | Koha item type |
|---|---|---|---|---|---|---|---|---|---|---|---|
| PHARMACY | JRU Library | JRU Library | Shelf - 21- B | 20/10/2022 | LOHIA BOOK INTERNATIONAL | 2150.00 | 615.1-WAH-L | 27007 | Books | ||
| PHARMACY | JRU Library | JRU Library | Shelf - 21- B | 20/10/2022 | LOHIA BOOK INTERNATIONAL | 2150.00 | 615.1-WAH-L | 27008 | Books | ||
| PHARMACY | JRU Library | JRU Library | Shelf - 21- B | 20/10/2022 | LOHIA BOOK INTERNATIONAL | 2150.00 | 615.1-WAH-L | 27009 | Books | ||
| PHARMACY | JRU Library | JRU Library | Shelf - 21- E | 20/10/2022 | LOHIA BOOK INTERNATIONAL | 2150.00 | 615.1-WAH-L | 27010 | Books | ||
| PHARMACY | JRU Library | JRU Library | SHELF-18-B | 20/10/2022 | LOHIA BOOK INTERNATIONAL | 2150.00 | 615.1-WAH-L | 27011 | Books |